| 000 | 01010cab a2200277 4500 | ||
|---|---|---|---|
| 001 | ABS57189 | ||
| 008 | 090401t1997 xxu||||| |||| 00| 0 eng d | ||
| 035 | _a(Sirsi) u98468 | ||
| 041 | _aeng | ||
| 100 | _aElson, M. | ||
| 245 | _aMaking the most of our rural resources | ||
| 260 | _c1997 | ||
| 350 | _a0 | ||
| 490 |
_aPlanning (for the Natural and Built Environment) _v(1219) 23 May 1997, 16-25(10) |
||
| 520 | _aLocal planning departments are helping to diversify the rural economy according to findings on a survey conducted in Stratford-Upon-Avon. Discussion on the revised PPG7 and a recent publication `Planning for rural diversification`, Planning Policies Research Group at Oxford Brookes University. | ||
| 650 | _aPLANNING SYSTEM | ||
| 650 | _aPPG7 | ||
| 650 | _aRURAL AREAS | ||
| 650 | _aRURAL DIVERSIFICATION | ||
| 650 | _aRURAL ECONOMY | ||
| 650 | _aSTRATFORD-UPON-AVON | ||
| 690 | _aPLANNING LAW AND PRACTICE | ||
| 700 | _aMacDonald, R. | ||
| 942 | _n0 | ||
| 948 | _c12/06/1997 | ||
| 999 |
_c59853 _d59853 |
||